Encyklopedie druhé světové války 1939-1945

Podrobná bibliografia
Hlavný autor: Sommerville, Donald (Autor)
Ďalší autori: Křížek, Leonid (Prekladateľ)
Médium: Kniha
Jazyk:čeština
angličtina
PhysicalDescription:319 s. fotogr., ilustr., mp., portréty 31 cm
Vydavateľské údaje: Praha Naše vojsko 2013
ISBN:9788020613615
Predmet:

MARC

LEADER 00000nam a2200000 a 4500
001 vtls010554862
003 SK-MaSNL
005 20260302023525.0
008 240313s2013 xr abocf 001 0 cze
020 |a 9788020613615  |q (viaz.) 
040 |a SNK  |b slo  |c SNK  |e AACR2 
041 1 |a cze  |h eng 
044 |a xr  |c CZ 
072 7 |a 355/359  |x Vojenstvo. Obrana krajiny. Ozbrojené sily  |2 konspekt 
080 |a 94(100)"1939/1945"  |2 2001 
080 |a 355.48(100)"1939/1945"  |2 2001 
080 |a (031)  |2 2001 
100 1 |a Sommerville, Donald  |4 aut  |9 380382 
245 1 0 |a Encyklopedie druhé světové války  |b 1939-1945  |c Donald Sommerville ; [překlad Leonid Křížek] 
260 |a Praha  |b Naše vojsko  |c 2013 
300 |a 319 s.  |b fotogr., ilustr., mp., portréty  |c 31 cm 
500 |a Dotisk r. 2013 
500 |a Pravdepodobne prel. z angl. 
500 |a Názov z obalu 
650 0 7 |a druhá svetová vojna (1939-1945)  |2 SNKPH  |9 169657 
650 0 7 |a World War (1939-1945)  |2 SNKPHeng  |9 284172 
655 7 |a encyklopédie  |2 SNKPH  |9 28776 
655 7 |a Encyclopedias  |2 SNKPHeng  |9 90422 
700 1 |a Křížek, Leonid  |4 trl  |9 647196 
852 |a Štátna vedecká knižnica v Banskej Bystrici 
919 |a 978-80-206-1361-5 
999 |c 1036821  |d 1038751 
952 |t snkSOM 940.53  |a SNKUST  |b SNKUST  |y PREZ  |7 0  |p 17A1093756  |o snkIB 72775  |i snk2013/29063  |8 4  |g 18.71  |0 0  |1 0  |4 0  |d 2013-10-30  |l 0  |r 2025-03-20 00:00:00  |w 2026-02-24